| Tag |
First Indicator |
Second Indicator |
Subfields |
| LEADER |
00000cam a2200000 a 4500 |
| 001 |
in00003426708 |
| 005 |
20211218063211.0 |
| 008 |
120910s2013 nyua j b 001 0 eng |
| 010 |
|
|
|a 2012032295
|
| 016 |
7 |
|
|a 016316334
|2 Uk
|
| 020 |
|
|
|a 9780802722775 (hardcover)
|
| 020 |
|
|
|a 0802722776 (hardcover)
|
| 020 |
|
|
|a 9780802722782 (reinforced)
|
| 020 |
|
|
|a 0802722784 (reinforced)
|
| 029 |
1 |
|
|a AU@
|b 000050025244
|
| 035 |
|
|
|a (OCoLC)ocn809845095
|
| 035 |
|
|
|a (OCoLC)809845095
|
| 040 |
|
|
|a DLC
|b eng
|c DLC
|d OCLCO
|d BTCTA
|d OCO
|d JQM
|d YDXCP
|d VHP
|d UKMGB
|d OCLCQ
|d OCLCF
|d ALM
|d UtOrBLW
|
| 042 |
|
|
|a pcc
|
| 043 |
|
|
|a n-us---
|
| 049 |
|
|
|a TXAM
|
| 050 |
0 |
0 |
|a D769.8.A6
|b S26 2013
|
| 082 |
0 |
0 |
|a 940.53/1773
|2 23
|
| 100 |
1 |
|
|a Sandler, Martin W.
|
| 245 |
1 |
0 |
|a Imprisoned :
|b the betrayal of Japanese Americans during World War II /
|c Martin W. Sandler.
|
| 264 |
|
1 |
|a New York :
|b Walker Books For Young Readers,
|c 2013.
|
| 300 |
|
|
|a 176 pages :
|b illustrations (some color) ;
|c 28 cm
|
| 336 |
|
|
|a text
|b txt
|2 rdacontent
|
| 337 |
|
|
|a unmediated
|b n
|2 rdamedia
|
| 338 |
|
|
|a volume
|b nc
|2 rdacarrier
|
| 504 |
|
|
|a Includes bibliographical references and index.
|
| 505 |
0 |
|
|a The Japanese come to America -- Hysteria -- Removal -- Temporary prisons -- The removal centers -- Japanese Americans at war -- Undercover warriors -- Redress -- Never again.
|
| 520 |
|
|
|a Drawing from interviews and oral histories, chronicles the history of Japanese American survivors of internment camps.
|
| 650 |
|
0 |
|a Japanese Americans
|x Forced removal and internment, 1942-1945
|v Juvenile literature.
|
| 650 |
|
0 |
|a World War, 1939-1945
|x Japanese Americans
|v Juvenile literature.
|
| 650 |
|
0 |
|a Japanese Americans
|x History
|y 20th century
|v Juvenile literature.
|
| 611 |
2 |
7 |
|a Evacuation and relocation of Japanese Americans (United States : 1942-1945)
|2 fast
|0 (OCoLC)fst01801850
|
| 611 |
2 |
7 |
|a World War (1939-1945)
|2 fast
|0 (OCoLC)fst01180924
|
| 650 |
|
7 |
|a Japanese Americans.
|2 fast
|0 (OCoLC)fst00981441
|
| 648 |
|
7 |
|a 1900 - 1999
|2 fast
|
| 655 |
|
7 |
|a History.
|2 fast
|0 (OCoLC)fst01411628
|
| 655 |
|
7 |
|a Juvenile works.
|2 fast
|0 (OCoLC)fst01411637
|
| 938 |
|
|
|a Baker and Taylor
|b BTCP
|n BK0012199250
|
| 938 |
|
|
|a YBP Library Services
|b YANK
|n 9727663
|
| 947 |
|
|
|a A14840683057
|
| 945 |
|
|
|a PromptCat
|b 616629
|
| 946 |
|
|
|a curr
|
| 994 |
|
|
|a 92
|b TXA
|
| 948 |
|
|
|a Cataloged
|b h
|c 2014/1/31
|d c
|e Dhernandez
|
| 999 |
|
|
|a MARS
|
| 999 |
f |
f |
|s 303fd472-a495-35e4-bbc1-296b392b6180
|i f6c140c8-6fa4-3d15-a115-71109d534c41
|t 0
|
| 952 |
f |
f |
|p normal
|a Texas A&M University
|b College Station
|c Sterling C. Evans Library
|d Evans: Curriculum Collection (4th floor)
|t 0
|e D769.8.A6 S26 2013
|h Library of Congress classification
|i unmediated -- volume
|m A14840683057
|
| 998 |
f |
f |
|a D769.8.A6 S26 2013
|t 0
|l Evans: Curriculum Collection (4th floor)
|